000 00654nam a2200241Ia 4500
005 20250425162636.0
008 250425s9999 xx 000 0 und d
020 _a9781589069633
041 _aspa
043 _axxu
082 _a338.5443
100 _aFONDO MONETARIO, INTERNACIONAL
245 0 _aPERSPECTIVAS DE LA ECONOMIA MUNDIAL OCTUBRE 2010 RECUPERACION RIESGO Y REEQUILIBRIO
250 _aS.E.
260 _aEstados Unidos
_bFONDO MONETARIO INTERNACIONAL
_c2010
260 _aWASHINGTON
300 _a235
650 _aECONOMIA
650 _aECONOMIA
710 _aFONDO MONETARIO INTERNACIONAL
942 _c01
010 _a92967
999 _c233453
_d233453